[Event "Challenge"]
[Site "http://www.queenalice.com/game.php?id=629568"]
[Date "2009.8.2"]
[Round "-"]
[White "dumont"]
[Black "Anaellea"]
[Result "0-1"]
[WhiteElo "1073"]
[BlackElo "1110"]

1. d3 c5 2. c3 e6 3. h4 a6 4. Bg5 Be7 5. Bxe7 Nxe7 6. d4 cxd4 7. Qxd4 Nbc6 8.
Qxg7 Rg8 9. Qxh7 Qb6 10. e3 Qxb2 11. a4 Qxa1 12. Qc2 b5 13. c4 bxc4 14. Qxc4
Qxb1+ 15. Kd2 Qb4+ 0-1

[Event "Challenge"]
[Site "http://www.queenalice.com/game.php?id=630251"]
[Date "2009.8.4"]
[Round "-"]
[White "Anaellea"]
[Black "snebur1956"]
[Result "0-1"]
[WhiteElo "1112"]
[BlackElo "1917"]

1. e4 e5 2. Nf3 Nc6 3. c3 Nf6 4. d4 exd4 5. e5 Nd5 6. cxd4 d6 7. Bc4 Be6 8. Qb3
dxe5 9. dxe5 Na5 10. Qb5+ c6 11. Qa4 Bb4+ 12. Bd2 Nxc4 13. Bxb4 Nxb2 14. Qb3
Nxb4 15. Qxb2 Nd3+ 0-1

[Event "Challenge"]
[Site "http://www.queenalice.com/game.php?id=632000"]
[Date "2009.8.7"]
[Round "-"]
[White "Meirebel"]
[Black "Anaellea"]
[Result "1-0"]
[WhiteElo "2385"]
[BlackElo "1168"]

1. e4 c5 2. Nf3 e6 3. Bc4 a6 4. a3 Nc6 5. d3 Qc7 6. Nc3 Nf6 7. Be3 Be7 8. O-O
O-O 9. d4 cxd4 10. Bxd4 Nxd4 11. Qxd4 b5 12. Bb3 Bb7 13. Rad1 d6 14. Rfe1 Rad8
15. h3 Qc6 16. a4 e5 17. Qe3 h6 18. Rd2 Rd7 19. Nh4 Rfd8 20. Nf5 Bf8 21. Qg3 Qc5
22. Nxh6+ Kh7 23. Nxf7 Re8 24. Qh4+ Kg6 25. Qg5+ Kh7 26. Qf5+ Kg8 27. Nxe5+ Kh8
28. Ng6+ Kh7 29. Nxf8+ Kh8 30. Qh7+ Nxh7 31. Ng6# 1-0

[Event "Challenge"]
[Site "http://www.queenalice.com/game.php?id=632001"]
[Date "2009.8.7"]
[Round "-"]
[White "Anaellea"]
[Black "Meirebel"]
[Result "0-1"]
[WhiteElo "1123"]
[BlackElo "1856"]

1. e4 c6 2. c3 e5 3. d4 exd4 4. cxd4 d5 5. e5 Be6 6. Nf3 f6 7. exf6 Qxf6 8. Bd3
Bg4 9. Nbd2 Bb4 10. O-O Bxd2 11. Bxd2 Bxf3 12. Re1+ Ne7 13. Qxf3 Qxf3 14. gxf3
a5 15. Bg5 O-O 16. Rxe7 Na6 17. Rxb7 Nb4 18. Bb1 Rxf3 19. a3 Nd3 20. Bxd3 Rxd3
0-1

[Event "Challenge"]
[Site "http://www.queenalice.com/game.php?id=633154"]
[Date "2009.8.8"]
[Round "-"]
[White "Anaellea"]
[Black "jamesxirb"]
[Result "1-0"]
[WhiteElo "1155"]
[BlackElo "1084"]

1. e4 e5 2. Nf3 b6 3. c3 g6 4. d4 d6 5. d5 Nd7 6. Bd3 Bh6 7. Bxh6 Nxh6 8. O-O
Ba6 9. Bxa6 Nc5 10. Bb5+ Ke7 11. Qd2 Ng8 12. Qg5+ f6 13. Qg4 Nh6 14. Qh3 Nxe4
15. Qxh6 Qf8 16. Qxf8+ Raxf8 17. Nbd2 Nc5 18. b4 Nd3 19. Bxd3 g5 20. Nb1 c5 21.
bxc5 bxc5 22. Na3 a5 23. Nc4 a4 24. Rab1 h6 25. Rb7+ Ke8 26. Nxd6+ Kd8 27. Rfb1
g4 28. Nf7+ Ke8 29. Bb5# 1-0

[Event "Challenge"]
[Site "http://www.queenalice.com/game.php?id=635293"]
[Date "2009.8.12"]
[Round "-"]
[White "Anaellea"]
[Black "Wettkampf"]
[Result "0-1"]
[WhiteElo "1121"]
[BlackElo "1436"]

1. e4 e5 2. Nf3 Bc5 3. c3 Nc6 4. d4 Bd6 5. d5 Na5 6. b4 Nf6 7. Bd3 O-O 8. O-O
Nxe4 9. Bxe4 Nc4 10. Nbd2 Nb6 11. Re1 f5 12. Bc2 e4 13. Nd4 Qh4 14. h3 Qf4 0-1

[Event "AUTO-BEG-338"]
[Site "http://www.queenalice.com/game.php?id=647355"]
[Date "2009.9.4"]
[Round "1"]
[White "juliosoliveira"]
[Black "Anaellea"]
[Result "1-0"]
[WhiteElo "1568"]
[BlackElo "1158"]

1. Nc3 c5 2. e4 e6 3. Qg4 a6 4. Be2 g6 5. Qf4 Bg7 6. Na4 Nf6 7. Nxc5 O-O 8. Nh3
Nc6 9. Qh4 b5 10. Ng5 h6 11. Nf3 d6 12. Nb3 Bb7 13. d3 Qe7 14. Bxh6 Nh7 15. Qf4
d5 16. Bg5 Qd7 17. Nc5 Qc8 18. Bh6 Nb4 19. O-O Nxc2 20. d4 Nxa1 21. Rxa1 dxe4
22. Ng5 e5 23. Qh4 Nxg5 24. Bxg5 f6 25. Be3 Rd8 26. dxe5 fxe5 27. Qe7 Re8 28.
Qd6 Qc6 29. Qxc6 Bxc6 30. a4 Bf8 31. f3 exf3 32. gxf3 Bxc5 33. Bxc5 Rac8 34. Kf2
Bxf3 35. Rg1 Bxe2 36. Kxe2 Rxc5 37. Rxg6+ 1-0

[Event "AUTO-BEG-338"]
[Site "http://www.queenalice.com/game.php?id=647356"]
[Date "2009.9.4"]
[Round "1"]
[White "Anaellea"]
[Black "juliosoliveira"]
[Result "0-1"]
[WhiteElo "1156"]
[BlackElo "1570"]

1. e4 e5 2. Nf3 Bd6 3. c3 Nf6 4. d4 Nxe4 5. dxe5 Nc6 6. exd6 cxd6 7. Qe2 f5 8.
Nfd2 b5 9. Nxe4 fxe4 10. Qxe4+ Kf8 11. Bxb5 a6 12. Bxc6 dxc6 13. Qxc6 Qe7+ 14.
Be3 Bb7 15. Qa4 Bxg2 16. Qf4+ Qf6 17. Qxf6+ gxf6 18. Rg1 Bh3 19. Nd2 Rb8 20.
Bh6+ Ke8 21. Nb3 Rb5 22. Rd1 Re5+ 23. Be3 d5 24. Rg7 Kf8 25. Rd7 Bxd7 26. Nc5
Ke8 27. Nxd7 Kxd7 28. Rd4 Kc6 29. Ke2 Rf8 30. f4 Rh5 31. Bg1 Rg8 32. Kf2 Rh3 33.
Kf1 Rg4 34. c4 dxc4 35. Rxc4+ Kd6 36. Rc2 Rf3+ 37. Rf2 Rgxf4 38. Rxf3 Rxf3+ 39.
Ke2 Rf5 40. a3 Rb5 0-1

[Event "AUTO-BEG-338"]
[Site "http://www.queenalice.com/game.php?id=647365"]
[Date "2009.9.4"]
[Round "1"]
[White "paulogaspar"]
[Black "Anaellea"]
[Result "1-0"]
[WhiteElo "2058"]
[BlackElo "1115"]

1. e4 c5 2. f4 e6 3. Nf3 Nc6 4. Be2 Qc7 5. e5 d6 6. d4 dxe5 7. dxe5 a6 8. O-O b5
9. b3 Bd7 10. c4 b4 11. Bb2 f6 12. exf6 Nxf6 13. Ne5 O-O-O 14. Nf7 Rg8 15. Nxd8
Kxd8 16. Be5 Nxe5 17. fxe5 Qxe5 18. Nd2 Bd6 19. Nf3 Qf4 20. Qd2 Bc6 21. Qxf4 1-0

[Event "AUTO-BEG-338"]
[Site "http://www.queenalice.com/game.php?id=647366"]
[Date "2009.9.4"]
[Round "1"]
[White "Anaellea"]
[Black "paulogaspar"]
[Result "0-1"]
[WhiteElo "1113"]
[BlackElo "2060"]

1. e4 e5 2. Nf3 Nc6 3. c3 Nf6 4. d4 exd4 5. e5 Ng4 6. cxd4 Bb4+ 7. Nc3 d6 8. Bd3
dxe5 9. Qe2 Bxc3+ 10. bxc3 O-O 11. Nxe5 Ngxe5 12. dxe5 Nxe5 13. Bxh7+ Kxh7 14.
O-O Qf6 15. Re1 Ng6 16. Qh5+ Kg8 17. f4 Qxc3 18. Be3 Be6 19. f5 Bxf5 20. Qxf5
Rae8 21. Qf2 Re6 0-1